[Event "European Rapid 2022"]
[Site "Katowice POL"]
[Date "2022.12.18"]
[Round "8.65"]
[White "Mitusov, Semen"]
[Black "Grochowski, Krzysztof"]
[Result "0-1"]
[WhiteTitle "IM"]
[WhiteElo "2397"]
[BlackElo "2035"]
[WhiteFideId "14151049"]
[BlackFideId "1127730"]
[EventDate "2022.12.17"]

1. e4 c6 2. d4 d5 3. e5 Bf5 4. Nf3 e6 5. Be2 Nd7 6. O-O c5 7. Be3 Ne7 8. c3 Nc6
9. Nbd2 Be7 10. Nb3 O-O 11. Nxc5 Bxc5 12. dxc5 Ndxe5 13. b4 Nc4 14. Bg5 f6 15.
Bh4 b5 16. a4 a6 17. axb5 axb5 18. Bg3 Qc8 19. Rxa8 Qxa8 20. Bxc4 dxc4 21. Bd6
Rd8 22. Re1 Kf7 23. Qe2 Re8 24. Qb2 Qb7 25. Nh4 Bd3 26. Qa1 Ra8 27. Qd1 Nd8 28.
Qh5+ Bg6 29. Nxg6 hxg6 30. Qh8 Nc6 31. Qh3 Nd8 32. Qg4 Qd5 33. h4 Ra2 34. Rd1
Rd2 35. Ra1 Qb7 36. h5 g5 37. Qh3 Rd3 38. Qh1 Qd5 39. Kh2 g4 40. Ra7+ Kg8 41.
Qb1 g3+ 42. Bxg3 Qxh5+ 43. Bh4 Qxh4+ 44. Kg1 Qh5 45. f3 Qe5 46. Ra8 Qd5 47. Rb8
Rd1+ 0-1

[Event "European Rapid 2022"]
[Site "Katowice POL"]
[Date "2022.12.18"]
[Round "8.66"]
[White "Novotny, Michal"]
[Black "Zamekhovskiy, Yevgen"]
[Result "0-1"]
[WhiteTitle "FM"]
[WhiteElo "2250"]
[BlackElo "2095"]
[WhiteFideId "310980"]
[BlackFideId "14174413"]
[EventDate "2022.12.17"]

1. e4 c6 2. d4 d5 3. e5 Bf5 4. Nf3 e6 5. Be2 c5 6. Be3 Nd7 7. O-O Ne7 8. c4 dxc4
9. Bxc4 Nd5 10. Nc3 Nxe3 11. fxe3 cxd4 12. Nxd4 Bc5 13. Nxf5 exf5 14. Rxf5 O-O
15. e6 Bxe3+ 16. Kh1 Qh4 17. exf7+ Kh8 18. Rh5 Qxc4 19. Rxh7+ Kxh7 20. Qh5+ Bh6 0-1

[Event "European Rapid 2022"]
[Site "Katowice POL"]
[Date "2022.12.18"]
[Round "8.67"]
[White "Peyrer, Konstantin"]
[Black "Kopaczewski, Adam"]
[Result "1-0"]
[WhiteTitle "FM"]
[WhiteElo "2380"]
[BlackElo "2096"]
[WhiteFideId "1640879"]
[BlackFideId "1187309"]
[EventDate "2022.12.17"]

1. d4 Nf6 2. c4 e5 3. dxe5 Ng4 4. Nf3 Bc5 5. e3 Nc6 6. Nc3 Ngxe5 7. Nxe5 Nxe5 8.
a3 a5 9. Be2 O-O 10. O-O Ra6 11. Qd5 Qe7 12. Ne4 Ba7 13. c5 Rh6 14. f4 Nc6 15.
Bd2 d6 16. cxd6 cxd6 17. Bd3 Qh4 18. h3 Bxh3 19. gxh3 Qxh3 20. Kf2 Qh4+ 21. Ke2
Qg4+ 22. Rf3 Rh2+ 23. Nf2 Re8 24. Rh1 Nd4+ 25. Qxd4 Rxf2+ 26. Kxf2 Bxd4 27. exd4
h6 28. Rg3 Qe6 29. Re1 Qd7 30. Reg1 g6 31. f5 Rf8 32. Bxh6 Qa4 33. Be3 Qb3 34.
Bc1 Qd5 35. Rg4 Kg7 36. fxg6 fxg6+ 37. Ke1 Qe6+ 38. Re4 Qf6 39. Be3 Qf3 40. Re7+
Rf7 41. Rxg6+ Kf8 42. Ree6 Qh1+ 43. Rg1 Qh4+ 44. Kd1 Rf3 45. Rh6 1-0

[Event "European Rapid 2022"]
[Site "Katowice POL"]
[Date "2022.12.18"]
[Round "8.68"]
[White "Froewis, Annika"]
[Black "Spalir, Jernej"]
[Result "0-1"]
[WhiteTitle "WFM"]
[BlackTitle "IM"]
[WhiteElo "2114"]
[BlackElo "2377"]
[WhiteFideId "1621432"]
[BlackFideId "14606518"]
[EventDate "2022.12.17"]

1. e4 e5 2. Nf3 Nc6 3. d4 exd4 4. Bc4 Nf6 5. e5 d5 6. Bb5 Nd7 7. O-O Be7 8. Re1
O-O 9. Bxc6 bxc6 10. Nxd4 Nb8 11. Qf3 f6 12. e6 g6 13. Nc3 Bb7 14. Qg3 Kh8 15.
Bf4 Na6 16. a3 c5 17. Ndb5 d4 18. Rad1 Qe8 19. Nxd4 cxd4 20. Rxd4 Rd8 21. Red1
Rxd4 22. Rxd4 Qc6 23. h4 Qxe6 24. Bxc7 Bc5 25. Rd1 Nxc7 26. Qxc7 Qc6 27. Qxc6
Bxc6 28. b4 Bb6 29. Rd6 Rc8 30. Ne2 Bb5 31. Nd4 Bxd4 32. Rxd4 Rxc2 33. Rd8+ Kg7
34. Ra8 Rc7 35. Rb8 Ba4 36. Kh2 f5 37. b5 h5 38. b6 axb6 39. Rxb6 Rc3 40. Rb7+
Kh6 41. Rb2 Rxa3 42. Rd2 Bc6 43. Rb2 Bd5 44. Rb5 Bf7 45. Rb7 Kg7 46. Rb6 Ra2 47.
Kg3 Ra4 48. Rd6 Ra2 49. Rd3 Bc4 50. Rd7+ Kh6 51. Rc7 f4+ 52. Kxf4 Rxf2+ 53. Kg3
Rc2 54. Kh2 Bd3 55. Rd7 Be4 56. Rd4 Bxg2 57. Kg3 Bc6 58. Rf4 Rg2+ 59. Kh3 Rg4
60. Rf2 Bd7 61. Rf7 Bf5 62. Rf8 Kg7 63. Rb8 Rb4+ 0-1

[Event "European Rapid 2022"]
[Site "Katowice POL"]
[Date "2022.12.18"]
[Round "8.69"]
[White "Kumor, Lukasz"]
[Black "Molenda, Marcin"]
[Result "0-1"]
[BlackTitle "FM"]
[WhiteElo "2052"]
[BlackElo "2381"]
[WhiteFideId "1120573"]
[BlackFideId "1173065"]
[EventDate "2022.12.17"]

1. e4 c5 2. Nf3 e6 3. d4 cxd4 4. Nxd4 a6 5. Bd3 Nf6 6. O-O Qc7 7. Kh1 d6 8. Nc3
Be7 9. f4 Nbd7 10. Bd2 O-O 11. Qe2 Nc5 12. Rf3 Nxd3 13. Qxd3 Bd7 14. Re1 Rac8
15. e5 Ne8 16. Rh3 g6 17. Ne4 Qc4 18. Qe3 f5 19. exd6 Nxd6 20. Ng5 Bxg5 21. fxg5
Ne4 22. b3 Qc7 23. c4 e5 24. Nf3 Rce8 25. Rh6 Bc6 26. Bb4 Rf7 27. Qe2 Qb6 28.
Ba3 Nf2+ 29. Kg1 Ng4+ 30. Kh1 Nxh6 31. gxh6 Bxf3 32. Qxf3 Qa5 33. b4 Qc7 34. c5
Qc6 35. Qc3 Qd5 36. Bb2 f4 37. Rf1 Rf5 38. h3 Ref8 39. Kh2 f3 40. g4 Rf4 41. Rf2
Rc4 42. Qe3 Qe4 43. Qb3 Rf7 44. a3 Qf4+ 45. Kh1 Qg3 46. Rd2 Qxh3+ 47. Kg1 f2+
48. Rxf2 Qxb3 49. Rxf7 Kxf7 50. Bxe5 Rc2 0-1

[Event "European Rapid 2022"]
[Site "Katowice POL"]
[Date "2022.12.18"]
[Round "8.70"]
[White "Maly, Alexey"]
[Black "Zhuk, Ivan"]
[Result "1-0"]
[WhiteTitle "IM"]
[WhiteElo "2370"]
[BlackElo "2035"]
[WhiteFideId "14103184"]
[BlackFideId "13508342"]
[EventDate "2022.12.17"]

1. d4 Nf6 2. c4 g6 3. Nc3 Bg7 4. e4 d6 5. Be2 O-O 6. Nf3 Bg4 7. Ng1 Bc8 8. Nf3
Bg4 9. O-O Nbd7 10. Be3 Bxf3 11. Bxf3 e5 12. Be2 c6 13. Qd2 a6 14. Rfd1 exd4 15.
Bxd4 b5 16. a3 Ne5 17. c5 a5 18. cxd6 b4 19. axb4 axb4 20. Rxa8 Qxa8 21. Bxe5
bxc3 22. Qxc3 Nxe4 23. Qd4 c5 24. Qd5 Qxd5 25. Rxd5 Bxe5 26. Rxe5 Nxd6 27. Rxc5
Rb8 28. Rc2 Rb3 29. f3 Kg7 30. Rd2 Nf5 31. Kf2 h5 32. Bc4 Rb7 33. g4 hxg4 34.
fxg4 Ne7 35. Ke3 Nc6 36. Bd5 Re7+ 37. Kf2 Ne5 38. h3 g5 39. b4 Ng6 40. b5 Nf4
41. b6 Nxh3+ 42. Kf3 Nf4 43. Bc6 Re1 44. b7 Rf1+ 45. Ke4 Rb1 46. Rd8 Rb4+ 47.
Kf3 Ne6 48. b8=Q Rxb8 49. Rxb8 Nd4+ 50. Ke4 Nxc6 51. Rb5 f6 52. Kd5 Ne5 53. Rb4
Kg6 54. Ke6 Nd3 55. Rb8 Nf4+ 56. Kd6 Kf7 57. Rb7+ Kg6 58. Ke7 Kg7 59. Ke8+ Kg6
60. Kf8 Ne6+ 61. Ke7 Nf4 62. Rb8 Kg7 63. Rb5 Kg6 64. Rf5 Nd5+ 65. Rxd5 1-0

[Event "European Rapid 2022"]
[Site "Katowice POL"]
[Date "2022.12.18"]
[Round "8.71"]
[White "Redzisz, Michal"]
[Black "Madan, Augustin"]
[Result "1/2-1/2"]
[WhiteTitle "FM"]
[BlackTitle "IM"]
[WhiteElo "2260"]
[BlackElo "2292"]
[WhiteFideId "21816107"]
[BlackFideId "1210327"]
[EventDate "2022.12.17"]

1. d4 d5 2. c4 e6 3. Nf3 c6 4. Nbd2 Nf6 5. g3 Bd6 6. Bg2 O-O 7. O-O Nbd7 8. Qc2
Re8 9. Rd1 Qe7 10. b3 e5 11. e4 dxe4 12. Nxe4 Nxe4 13. Qxe4 Nf6 14. Qc2 Bg4 15.
Re1 Bxf3 16. Bxf3 Qc7 17. Bb2 exd4 18. Bxd4 Be5 19. Bxe5 Rxe5 20. Rxe5 Qxe5 21.
Rd1 a5 22. Qd2 Re8 23. Kg2 g5 24. Kf1 g4 25. Bg2 Kg7 26. h4 h6 27. Re1 Qxe1+ 28.
Qxe1 Rxe1+ 29. Kxe1 Kg6 30. Kd2 Kf5 31. Ke3 Ke5 32. a3 Ne8 33. Bf1 c5 34. Be2 f5
35. f4+ gxf3 36. Bxf3 Nd6 37. a4 b6 38. Bd5 Ne8 39. Bc6 Ng7 40. Bd7 Nh5 41. Kf3
Nf6 42. Bc8 Ng4 43. Bd7 Nf6 44. Bc8 Ne4 45. g4 fxg4+ 46. Kxg4 Kf6 47. Kh5 Kg7
48. Kg4 Nd6 49. Bf5 Kf6 50. Bc2 Nf7 51. Kh5 Kg7 52. Kg4 Nd6 53. Bb1 Kf6 54. Kh5
Kg7 55. Kg4 1/2-1/2

[Event "European Rapid 2022"]
[Site "Katowice POL"]
[Date "2022.12.18"]
[Round "8.72"]
[White "Bartelt, Max Peter"]
[Black "Maier, Christian"]
[Result "0-1"]
[BlackTitle "IM"]
[WhiteElo "2026"]
[BlackElo "2315"]
[WhiteFideId "12967289"]
[BlackFideId "4601955"]
[EventDate "2022.12.17"]

1. d4 Nf6 2. Bg5 e6 3. e4 d5 4. e5 h6 5. Be3 Nfd7 6. c3 c5 7. f4 Nc6 8. Nf3 Be7
9. a3 a6 10. Bd3 cxd4 11. cxd4 Nb6 12. b3 Bd7 13. g4 h5 14. Rg1 hxg4 15. Rxg4 g6
16. Ra2 Na7 17. Nc3 Nb5 18. Ne2 Nxa3 19. Bxg6 fxg6 20. Qd3 Bb5 21. Qxg6+ Kd7 22.
f5 Qg8 23. Nf4 Qxg6 24. Rxg6 Rag8 25. Rxe6 Bc6 26. Ng6 Bb4+ 27. Kf2 Rh5 28. Rf6
Nc8 29. e6+ Ke8 30. h4 Nd6 31. Ng5 Nxf5 32. Nf4 Rgxg5 33. hxg5 Rxg5 34. Nd3 Nxe3
35. Kxe3 Be7 36. Rh6 Rg3+ 37. Kf4 Rxd3 38. Rh8+ Bf8 39. Rxa3 Ke7 40. Ra1 Rxd4+
41. Kf5 Rd2 42. Rah1 Rf2+ 43. Kg4 Bg7 44. R8h7 Kxe6 45. Kg3 Rf7 46. Re1+ Kd6 47.
Kg4 Bd7+ 48. Kh5 Bf5 49. Rf1 Ke6 50. Re1+ Be4 51. Re3 Bd4 52. Rxf7 Kxf7 53. Re1
Kf6 54. Kg4 Ke5 55. Kg5 a5 56. Re2 Bc3 57. Rh2 d4 58. Rh8 d3 59. Re8+ Kd4 60.
Kf4 Bd2+ 61. Kg3 Bc6 62. Rd8+ Kc3 63. Kf2 Bg5 64. Rd6 Be7 65. Re6 Bc5+ 66. Ke1
Kc2 67. b4 d2+ 68. Kf1 d1=Q+ 0-1

[Event "European Rapid 2022"]
[Site "Katowice POL"]
[Date "2022.12.18"]
[Round "8.73"]
[White "Bazilius, Augustinas"]
[Black "Czerw, Dawid"]
[Result "1/2-1/2"]
[BlackTitle "IM"]
[WhiteElo "2118"]
[BlackElo "2373"]
[WhiteFideId "12832251"]
[BlackFideId "1145746"]
[EventDate "2022.12.17"]

1. d4 Nf6 2. c4 g6 3. Nf3 Bg7 4. g3 c5 5. Bg2 Qa5+ 6. Nc3 Ne4 7. Bd2 Nxd2 8.
Qxd2 cxd4 9. Nxd4 Nc6 10. Nb3 Qd8 11. O-O O-O 12. Rfd1 Na5 13. Nxa5 Qxa5 14. Nd5
Qd8 15. Qb4 d6 16. c5 e6 17. Nc3 d5 18. e4 d4 19. Nb5 e5 20. Nd6 Qe7 21. Qb5 b6
22. Nxc8 Raxc8 23. cxb6 Rb8 24. b3 Rxb6 25. Qc4 Bh6 26. Bf1 Kg7 27. a3 f5 28.
Re1 f4 29. Ra2 Rbf6 30. b4 Bg5 31. Rc2 fxg3 32. hxg3 R8f7 33. Qc5 Qxc5 34. bxc5
Rf3 35. c6 Rc3 36. Rxc3 dxc3 37. f4 exf4 38. Rc1 fxg3 39. Rxc3 Bf4 40. Rd3 Kf6
41. Rd7 Rxd7 42. cxd7 Ke7 43. Bb5 g5 44. Kg2 g4 45. Bc4 Bc7 46. e5 Bxe5 47. Bf7
Kxd7 48. Bh5 Kc6 49. a4 Kd5 50. Bxg4 Ke4 51. Bh3 Kd4 52. Bf5 h5 53. Bg6 h4 54.
Bf5 Kc5 55. Bh3 Kb4 56. Bd7 Kb3 57. Kh3 Kc3 58. Kg2 Kd2 59. Bh3 Ke1 60. Bd7 a5
61. Bh3 1/2-1/2

[Event "European Rapid 2022"]
[Site "Katowice POL"]
[Date "2022.12.18"]
[Round "8.74"]
[White "Czarnecka, Lidia"]
[Black "Voege, Tobias"]
[Result "1-0"]
[WhiteTitle "WCM"]
[BlackTitle "FM"]
[WhiteElo "2018"]
[BlackElo "2300"]
[WhiteFideId "21807531"]
[BlackFideId "1270513"]
[EventDate "2022.12.17"]

1. e4 c5 2. Nf3 Nc6 3. d4 cxd4 4. Nxd4 Nf6 5. Nc3 g6 6. Be3 Bg7 7. Bc4 O-O 8.
Bb3 d6 9. f3 Nxd4 10. Bxd4 Be6 11. Qd2 Qa5 12. O-O Rfc8 13. Rfd1 Nd7 14. Bd5 Rc7
15. Kf2 Bxd4+ 16. Qxd4 Bxd5 17. exd5 Rac8 18. Re1 Nf6 19. Rad1 Rc4 20. Qe3 R8c7
21. Rd4 Rb4 22. Rxb4 Qxb4 23. Qxa7 Kg7 24. Re2 Qxb2 25. Nd1 Nxd5 26. Nxb2 1-0

[Event "European Rapid 2022"]
[Site "Katowice POL"]
[Date "2022.12.18"]
[Round "8.75"]
[White "Vardanyan, Aras"]
[Black "Wnek, Filip"]
[Result "1-0"]
[WhiteTitle "CM"]
[WhiteElo "2271"]
[BlackElo "1966"]
[WhiteFideId "12808792"]
[BlackFideId "21833281"]
[EventDate "2022.12.17"]

1. c4 f5 2. g3 Nf6 3. Bg2 d6 4. Nc3 e5 5. d4 e4 6. Nh3 Be7 7. O-O O-O 8. f3 c6
9. Bg5 d5 10. cxd5 cxd5 11. Nf4 Nc6 12. e3 exf3 13. Bxf3 Ne4 14. Bxe7 Nxe7 15.
Ncxd5 Nxd5 16. Qb3 Kh8 17. Qxd5 Qb6 18. Bxe4 Rd8 19. Qf7 fxe4 20. Nh5 Rg8 21.
Qb3 Qh6 22. Nf4 Bg4 23. d5 Rad8 24. Qc3 Rc8 25. Qd2 Rgf8 26. Rac1 Qb6 27. h4
Rcd8 28. Rc4 Bf3 29. Qd4 Qd6 30. Rf2 Kg8 31. Rfc2 1-0

[Event "European Rapid 2022"]
[Site "Katowice POL"]
[Date "2022.12.18"]
[Round "8.77"]
[White "Kossobudzki, Robert"]
[Black "Zawadzka, Jolanta"]
[Result "0-1"]
[BlackTitle "WGM"]
[WhiteElo "1989"]
[BlackElo "2386"]
[WhiteFideId "1107887"]
[BlackFideId "1122320"]
[EventDate "2022.12.17"]

1. Nf3 d5 2. b4 e6 3. Bb2 Nf6 4. a3 Be7 5. e3 O-O 6. d4 b6 7. c4 a5 8. b5 c6 9.
Nc3 c5 10. dxc5 bxc5 11. Be2 Bb7 12. O-O Nbd7 13. Rc1 Qc7 14. Na4 Rac8 15. Qb3
Ne4 16. Rfd1 Rfd8 17. cxd5 exd5 18. Nd4 Bf8 19. Nc6 Bxc6 20. bxc6 Qxc6 21. Rxd5
Rb8 22. Qc4 Nd6 23. Rxd6 Qxd6 24. Bc3 Ne5 25. Qe4 Re8 26. Qc2 c4 27. Bxa5 Qxa3
28. Bc7 Rb4 29. Nc3 Qb3 30. f4 Qxc2 31. Rxc2 Nd3 32. Nd5 Rb5 33. Nc3 Rb7 34. Nd5
Rb5 35. Nc3 Rc5 36. Bb6 Rc6 37. Bd4 Bc5 38. Nb5 Bxd4 39. Nxd4 Rcc8 40. Nf5 Rcd8
41. Rxc4 g6 42. Nd4 Rxe3 43. g3 Rde8 44. Rc3 Nb4 45. Rxe3 Rxe3 46. Kf2 Ra3 47.
Bc4 Kg7 48. h4 Nd3+ 49. Bxd3 Rxd3 50. Ne2 h5 51. Ng1 Kf6 52. Nf3 Ra3 53. Ne5 Ke6
54. Kg2 Ra7 55. Kf3 Kf5 56. Nc4 f6 57. Ne3+ Ke6 58. g4 Ra1 59. f5+ gxf5 60. gxh5
Ra4 61. Ng2 Ke5 62. Kg3 Ra3+ 63. Kf2 Ke4 64. Ne1 f4 65. Ng2 Ra2+ 66. Kf1 Kf3 67.
Ne1+ Kg3 68. h6 Ra7 69. Ke2 Re7+ 70. Kf1 Rh7 71. Ng2 Rxh6 72. Kg1 f5 73. Kf1 Ra6
74. h5 f3 75. Ne1 Ra1 0-1

[Event "European Rapid 2022"]
[Site "Katowice POL"]
[Date "2022.12.18"]
[Round "8.78"]
[White "Olenik Campa, Rudi"]
[Black "Vogel, Roven"]
[Result "1/2-1/2"]
[WhiteTitle "CM"]
[BlackTitle "IM"]
[WhiteElo "2358"]
[BlackElo "2463"]
[WhiteFideId "14633264"]
[BlackFideId "12908088"]
[EventDate "2022.12.17"]

1. e4 e5 2. Nf3 Nc6 3. Bc4 Nf6 4. d3 Bc5 5. O-O d6 6. a4 a5 7. c3 h6 8. Nbd2 O-O
9. h3 Ba7 10. Re1 Ne7 11. Nf1 Ng6 12. Ng3 c6 13. Bb3 d5 14. exd5 Nxd5 15. d4
exd4 16. Nxd4 Be6 17. Bc2 Bd7 18. Qf3 Bxd4 19. cxd4 Qf6 20. Qxf6 Nxf6 21. Bd2
Nd5 22. Bb3 Be6 23. Ne4 b6 24. Rac1 Nge7 25. Nc3 Rfc8 26. Nxd5 Nxd5 27. Bxd5
Bxd5 28. Ra1 Rc7 29. Ra3 f6 30. b4 axb4 31. Bxb4 Rca7 32. Rea1 Re8 33. Re1 Rxe1+
34. Bxe1 Re7 35. Re3 1/2-1/2

[Event "European Rapid 2022"]
[Site "Katowice POL"]
[Date "2022.12.18"]
[Round "8.79"]
[White "Kucharska, Honorata"]
[Black "Nasuta, Grzegorz"]
[Result "0-1"]
[WhiteTitle "WFM"]
[BlackTitle "GM"]
[WhiteElo "2180"]
[BlackElo "2546"]
[WhiteFideId "1163868"]
[BlackFideId "1141686"]
[EventDate "2022.12.17"]

1. Nf3 d5 2. d4 Nf6 3. Bf4 c5 4. e3 Nc6 5. c3 Qb6 6. Qb3 c4 7. Qxb6 axb6 8. Ne5
b5 9. Nxc6 bxc6 10. f3 Bf5 11. Nd2 e6 12. g4 Bg6 13. Be2 b4 14. cxb4 Bxb4 15. a3
c3 16. bxc3 Bxc3 17. Rc1 Rxa3 18. Bd6 Bxd2+ 19. Kxd2 Ra2+ 20. Ke1 Kd7 21. Bc5
Rb8 22. h4 h5 23. g5 Ne8 24. Bd1 Nd6 25. Bxd6 Kxd6 26. Rf1 Rbb2 27. Rc3 Ra1 28.
Rg1 Bc2 0-1

[Event "European Rapid 2022"]
[Site "Katowice POL"]
[Date "2022.12.18"]
[Round "8.80"]
[White "Dragnev, Valentin"]
[Black "Hrabinska, Myroslava"]
[Result "1-0"]
[WhiteTitle "GM"]
[BlackTitle "WGM"]
[WhiteElo "2556"]
[BlackElo "2210"]
[WhiteFideId "1634852"]
[BlackFideId "14109190"]
[EventDate "2022.12.17"]

1. e4 c5 2. Nc3 Nc6 3. Nge2 d6 4. d4 cxd4 5. Nxd4 Nf6 6. Bg5 e6 7. Qd2 Be7 8.
O-O-O O-O 9. f4 a6 10. Be2 Qc7 11. h4 Nxd4 12. Qxd4 e5 13. Qd2 exf4 14. h5 h6
15. Bxf4 Rd8 16. g4 Be6 17. g5 hxg5 18. Bxg5 Qa5 19. h6 Rac8 20. hxg7 Rxc3 21.
Rh8+ Kxg7 22. Bxf6+ 1-0

[Event "European Rapid 2022"]
[Site "Katowice POL"]
[Date "2022.12.18"]
[Round "8.81"]
[White "Lajbl, Jan"]
[Black "Drazic, Sinisa"]
[Result "1-0"]
[BlackTitle "GM"]
[WhiteElo "2225"]
[BlackElo "2372"]
[WhiteFideId "390240"]
[BlackFideId "901172"]
[EventDate "2022.12.17"]

1. e4 e6 2. d4 d5 3. Nd2 h6 4. Ngf3 Nf6 5. e5 Ne4 6. Bd3 Nxd2 7. Qxd2 c5 8. c3
cxd4 9. cxd4 Qb6 10. O-O Bd7 11. Qf4 Bb5 12. Bxb5+ Qxb5 13. Qg4 Nc6 14. Be3 Qd3
15. Ne1 Qb5 16. b3 g6 17. Qd1 Be7 18. Nd3 a5 19. a3 Kf8 20. Qd2 Kg7 21. f4 h5
22. Rf3 Qxb3 23. Rg3 h4 24. Rg4 Rac8 25. Rf1 Kf8 26. g3 h3 27. Rc1 Qxa3 28. Nc5
Bxc5 29. Rxc5 Ke7 30. f5 exf5 31. Bg5+ Ke6 32. Rf4 Qb4 33. Qa2 Rhd8 34. Bxd8
Rxd8 35. Qa1 g5 36. Rf2 Nxd4 37. Qc1 f4 38. gxf4 gxf4 39. Rc7 1-0

[Event "European Rapid 2022"]
[Site "Katowice POL"]
[Date "2022.12.18"]
[Round "8.82"]
[White "Szczurek, Krzysztof"]
[Black "Horvath, Dominik"]
[Result "0-1"]
[WhiteTitle "FM"]
[BlackTitle "IM"]
[WhiteElo "2163"]
[BlackElo "2502"]
[WhiteFideId "1185489"]
[BlackFideId "1642561"]
[EventDate "2022.12.17"]

1. d4 Nf6 2. Nc3 d5 3. Bf4 e6 4. e3 Bb4 5. Bd3 c5 6. dxc5 Nbd7 7. Nf3 Nxc5 8.
Bb5+ Bd7 9. Bxd7+ Ncxd7 10. O-O Bxc3 11. bxc3 O-O 12. Qd4 Nb6 13. Nd2 Rc8 14.
Rfb1 Nh5 15. a4 Nxf4 16. exf4 Qc7 17. Rb3 Nd7 18. c4 dxc4 19. Rc3 e5 20. fxe5
Qxe5 21. Qxe5 Nxe5 22. Re1 f6 23. f4 Nc6 24. Rxc4 Na5 25. Rd4 Rfd8 26. Rxd8+
Rxd8 27. Nb3 Nc6 28. Kf2 Kf7 29. Nc5 b6 30. Nb3 Nb4 31. Re2 Rc8 32. Nd4 Rc4 33.
Nb5 Rxf4+ 34. Kg3 g5 35. Nxa7 Nd5 36. Nb5 Rxa4 37. h3 h5 38. Rd2 h4+ 39. Kf2 Nf4
40. Rd6 Rc4 41. Nd4 b5 42. Kf3 b4 43. Rd7+ Kg6 44. Kf2 Rc3 45. Rb7 Rg3 46. Rxb4
Rxg2+ 47. Kf3 Rg3+ 48. Kf2 Nxh3+ 49. Kf1 Nf4 50. Kf2 Rc3 51. Rb8 h3 52. Rh8 Rc4
53. Ke3 Nh5 54. Ra8 h2 0-1

[Event "European Rapid 2022"]
[Site "Katowice POL"]
[Date "2022.12.18"]
[Round "8.83"]
[White "Stefanova, Antoaneta"]
[Black "Pacuszka, Tomasz"]
[Result "1-0"]
[WhiteTitle "GM"]
[BlackTitle "FM"]
[WhiteElo "2442"]
[BlackElo "2186"]
[WhiteFideId "2902257"]
[BlackFideId "1119036"]
[EventDate "2022.12.17"]

1. d4 Nf6 2. Nf3 d5 3. e3 c6 4. Bd3 g6 5. h3 Bg7 6. b3 O-O 7. O-O Ne4 8. Bb2 f5
9. c4 e6 10. Ne5 Nd7 11. Nd2 Nxe5 12. dxe5 Nxd2 13. Qxd2 Qc7 14. f4 Rd8 15. Qe2
Bd7 16. Rac1 Be8 17. cxd5 exd5 18. g4 Bd7 19. gxf5 Bxf5 20. Bxf5 gxf5 21. Kh2
Kh8 22. Rg1 Rg8 23. Qh5 Qd7 24. Rg5 Qe6 25. Rcg1 Bh6 26. Qxh6 1-0

[Event "European Rapid 2022"]
[Site "Katowice POL"]
[Date "2022.12.18"]
[Round "8.84"]
[White "Ondozi, Murtez"]
[Black "Sidletskyi, Ivan"]
[Result "1-0"]
[WhiteTitle "FM"]
[WhiteElo "2406"]
[BlackElo "2152"]
[WhiteFideId "937576"]
[BlackFideId "14156024"]
[EventDate "2022.12.17"]

1. d4 Nf6 2. c4 e6 3. Nf3 d5 4. Nc3 c5 5. cxd5 cxd4 6. Qxd4 exd5 7. e3 a6 8. Qd1
Nc6 9. Be2 Be6 10. O-O Bd6 11. a3 Rc8 12. Bd2 O-O 13. b4 Ne5 14. Nd4 Nc4 15. Be1
b5 16. Bf3 Qc7 17. h3 Rfd8 18. Qb3 Be5 19. Rd1 Qb6 20. a4 bxa4 21. Nxa4 Qb8 22.
Qa2 Bd6 23. Rb1 Bd7 24. Nc5 Bxc5 25. bxc5 Qa7 26. Bb4 a5 27. Rfc1 Rc7 28. Ba3
Rdc8 29. Rxc4 dxc4 30. Qxc4 Rxc5 31. Bxc5 Qxc5 32. Qa6 h6 33. Nb3 Qc2 34. Rc1
Qxb3 35. Rxc8+ Bxc8 36. Qxc8+ Kh7 37. Qf5+ Kg8 38. Qxa5 g6 39. Qe5 Qb6 40. g3
Kg7 41. Kg2 Qb4 42. g4 Qb6 43. h4 Qe6 44. Qd4 Kh7 45. Kg3 Nd7 46. Bd5 Qe5+ 47.
Qxe5 Nxe5 48. f4 Nd7 49. Bxf7 Kg7 50. Bc4 g5 51. Bb5 gxf4+ 52. exf4 Nc5 53. g5
hxg5 54. hxg5 Ne4+ 55. Kf3 Nd6 56. Bd3 Nf7 57. Kg4 Nd8 58. f5 Nc6 59. Kh5 Ne5
60. Bb1 Nd7 61. Ba2 Ne5 62. f6+ Kh8 63. Bb1 Nd7 64. Bf5 Ne5 65. g6 Nf7 66. Bb1
Nd8 67. Ba2 Ne6 68. Kh6 1-0

[Event "European Rapid 2022"]
[Site "Katowice POL"]
[Date "2022.12.18"]
[Round "8.85"]
[White "Piesik, Piotr"]
[Black "Trushko, Andrii"]
[Result "1-0"]
[WhiteTitle "IM"]
[WhiteElo "2420"]
[BlackElo "2006"]
[WhiteFideId "1136194"]
[BlackFideId "14172887"]
[EventDate "2022.12.17"]

1. Nf3 d5 2. g3 Nf6 3. Bg2 c6 4. O-O Bf5 5. d3 Nbd7 6. Nbd2 e6 7. Qe1 Be7 8. e4
dxe4 9. dxe4 Bg4 10. b3 O-O 11. Bb2 Qc7 12. Nc4 Bxf3 13. Bxf3 Rad8 14. a4 b6 15.
Bg2 Rfe8 16. Qe2 Nf8 17. e5 Nd5 18. h4 Rd7 19. Rad1 Red8 20. Nd2 b5 21. Ne4 bxa4
22. bxa4 Qa5 23. Qg4 Kh8 24. Nd6 Bxd6 25. exd6 f6 26. c4 Nb6 27. Bxc6 Rxd6 28.
Rxd6 Rxd6 29. Bb5 Qb4 30. Qf4 Ng6 31. Qc1 Rd8 32. h5 Ne5 33. Bxe5 fxe5 34. Qg5
Rf8 35. h6 gxh6 36. Qxe5+ Kg8 37. Qxe6+ Kg7 38. Qe5+ Rf6 39. c5 Nxa4 40. c6 Nb6
41. c7 Qd6 42. Qc3 Qf8 43. Rd1 Kf7 44. Rd8 Qe7 45. c8=Q Nxc8 46. Rd7 Qxd7 47.
Bxd7 Ne7 48. Qc4+ Kg7 49. Qc5 Ng6 50. Qxa7 h5 51. Bg4+ Rf7 52. Qd4+ Kh6 53. Qe3+
Kg7 54. Bxh5 Re7 55. Qd4+ 1-0

[Event "European Rapid 2022"]
[Site "Katowice POL"]
[Date "2022.12.18"]
[Round "8.86"]
[White "Baliasnyj, Timur"]
[Black "Klenburg, Michael"]
[Result "0-1"]
[BlackTitle "IM"]
[WhiteElo "2197"]
[BlackElo "2347"]
[WhiteFideId "12802719"]
[BlackFideId "14102072"]
[EventDate "2022.12.17"]

1. Nf3 Nf6 2. c4 d6 3. g3 g6 4. Bg2 Bg7 5. O-O O-O 6. Nc3 e5 7. Rb1 Nc6 8. b4 h6
9. b5 Ne7 10. d3 Be6 11. Qc2 Qd7 12. Rd1 Bh3 13. Bh1 Rae8 14. Nd2 Qc8 15. Nd5
Nexd5 16. cxd5 Nd7 17. Rb4 Nc5 18. Rc4 b6 19. e3 a6 20. a4 axb5 21. axb5 Qd7 22.
d4 exd4 23. exd4 Bf5 24. Qc3 Qxb5 25. Rb4 Qd7 26. Qf3 Bg4 0-1

[Event "European Rapid 2022"]
[Site "Katowice POL"]
[Date "2022.12.18"]
[Round "8.87"]
[White "Galuszka, Tomasz"]
[Black "Monroy, Charles"]
[Result "1/2-1/2"]
[BlackTitle "IM"]
[WhiteElo "2184"]
[BlackElo "2395"]
[WhiteFideId "21816409"]
[BlackFideId "621641"]
[EventDate "2022.12.17"]

1. e4 e5 2. Nf3 Nc6 3. Bb5 a6 4. Bxc6 dxc6 5. d3 Bd6 6. Nbd2 Ne7 7. Nc4 f6 8. d4
Be6 9. dxe5 Bxc4 10. exd6 Qxd6 11. b3 Qxd1+ 12. Kxd1 O-O-O+ 13. Bd2 Bf7 14. Kc1
Rhe8 15. Re1 Ng6 16. Kb2 Nh4 17. Kc3 Nxg2 18. Rg1 Bh5 19. Rxg2 Bxf3 20. Rxg7
Bxe4 21. Bf4 Rd7 22. Rxd7 Kxd7 23. Rd1+ Bd5 24. Kb2 Re4 25. Be3 b5 26. Rg1 Rh4
27. Rg7+ Kc8 28. Kc3 a5 29. a3 f5 30. Bg5 Rxh2 31. Rxc7+ Kb8 32. Bf4 Rxf2 33.
Bd6 Be4 34. Rxh7+ Kc8 35. Kd4 Rxc2 36. Ke5 Rd2 37. Rh8+ Kb7 38. b4 axb4 39. axb4
Rd5+ 40. Ke6 f4 41. Rh4 Bf5+ 42. Ke7 f3 43. Rf4 Bc2 44. Rxf3 Rh5 45. Bc5 Rh7+
46. Kd6 Rh6+ 47. Ke5 Rh5+ 48. Kd4 Bg6 49. Re3 Rh4+ 50. Kc3 Re4 51. Rxe4 Bxe4 52.
Kd4 Bd5 1/2-1/2